Sports Quiz

Random Sports or Country Quiz

Top 10 National Records 1500m Quiz Stats

 Plays Quiz not verified by Sporcle

Challenge
Share
Tweet
Embed
Score 0/10 Timer 08:00
0 Plays Today
Time Country % Correct
3:26.34Kenya
97.4%
3:29.67UK
89.7%
3:29.30USA
89.7%
3.26.00Morocco
87.2%
3:27.37Algeria
69.2%
3:28.95Spain
69.2%
3:28.98France
69.2%
3:30.07Portugal
46.2%
3:29.14Bahrain
23.1%
3:29.18Burundi
7.7%

You're not logged in!

Compare scores with friends on all Sporcle quizzes.
Join for Free
OR
Log In

You Might Also Like...

Show Comments

Extras

Created Dec 3, 2011ReportNominate
Tags:Country Quiz, 100m, national

Top Quizzes Today


Score Distribution

Your Account Isn't Verified!

In order to create a playlist on Sporcle, you need to verify the email address you used during registration. Go to your Sporcle Settings to finish the process.

Report this User

Report this user for behavior that violates our Community Guidelines.

Details: